| 000 | 00513ntaaa2200181 4500 | ||
|---|---|---|---|
| 003 | 01 | ||
| 005 | 20251027202807.0 | ||
| 008 | 0714s1973 ag 01 | ||
| 020 | _a9504307450 | ||
| 040 |
_aAR-BaBN _bspa _cAR-BaBN _eaacr _dRIC |
||
| 082 | _a863 D37 | ||
| 100 |
_aDelfino, Guillermo Juan Luis _928226 |
||
| 245 |
_aEl, tu y yo / _cGuillermo Juan Luis Delfino |
||
| 260 |
_aBuenos Aires : _bAlianza Cristiana y Misionera Argentina, _c1986 |
||
| 300 |
_a261 p. ; _c20 cm. |
||
| 650 | _anovela religiosa | ||
| 942 | _cBK | ||
| 999 |
_c23266 _d23266 |
||